| 000 | 00663cam a2200157 a 4500 | ||
|---|---|---|---|
| 020 | _a9780415884594 (hardback) | ||
| 050 | 0 | 0 |
_aRC480.5 _b.R66 2013 |
| 100 | 1 | _aRønnestad, Michael Helge. | |
| 245 | 1 | 4 |
_aThe developing practitioner : _bgrowth and stagnation of therapists and counselors / _cMichael Helge Rønnestad & Thomas M. Skovholt. |
| 260 |
_aNew York [USA] : _bRoutledge, _c2013. |
||
| 300 | _axx, 369 p. : | ||
| 500 | _aIncludes bibliographic references and index. | ||
| 650 |
_xPsychotherapists -- Psychology ; _xPsychotherapists -- Training of ; _xSelf-actualization (Psychology) ; _xCareer development. |
||
| 700 | 1 | _aSkovholt, Thomas M. | |
| 942 |
_2lcc _cGEN |
||
| 999 |
_c8575 _d8575 |
||